Central Library OPAC University of Rajshahi

Tools for statistical inference : (Record no. 7565)

MARC details
000 -LEADER
fixed length control field 01175cam a2200301 a 4500
001 - CONTROL NUMBER
control field 7565
003 - CONTROL NUMBER IDENTIFIER
rucl marc code BD-RjUL
005 - DATE AND TIME OF LATEST TRANSACTION
control field 20211208234435.0
008 - FIXED-LENGTH DATA ELEMENTS--GENERAL INFORMATION
fixed length control field 150114s1996 nyua b 001 0 eng
020 ## - INTERNATIONAL STANDARD BOOK NUMBER
International Standard Book Number 0387946888 (hardcover : alk. paper)
035 ## - SYSTEM CONTROL NUMBER
System control number (BD-RjUL)7609
040 ## - CATALOGING SOURCE
Original cataloging agency DLC
Transcribing agency DLC
Modifying agency DLC
-- BD-RjUL
Language of cataloging eng
041 ## - LANGUAGE CODE
Language code of text/sound track or separate title eng
082 00 - DEWEY DECIMAL CLASSIFICATION NUMBER
Classification number 519.542
Edition number 20
Author mark and year TAT 1996
100 1# - MAIN ENTRY--PERSONAL NAME
Personal name Tanner, Martin Abba,
Dates associated with a name 1957-
9 (RLIN) 23600
245 10 - TITLE STATEMENT
Title Tools for statistical inference :
Remainder of title methods for the exploration of posterior distributions and likelihood functions /
Statement of responsibility, etc. Martin A. Tanner.
250 ## - EDITION STATEMENT
Edition statement 3rd ed.
260 ## - PUBLICATION, DISTRIBUTION, ETC. (IMPRINT)
Place of publication, distribution, etc. New York :
Name of publisher, distributor, etc. Springer,
Date of publication, distribution, etc. c1996.
300 ## - PHYSICAL DESCRIPTION
Pagination viii, 207 p. :
Illustrations ill. ;
Size 24 cm.
504 ## - BIBLIOGRAPHY, ETC. NOTE
Bibliography, etc Includes bibliographical references (p. 193-201) and index.
650 #0 - SUBJECT ADDED ENTRY--TOPICAL TERM
Topical term or geographic name as entry element Bayesian statistical decision theory.
9 (RLIN) 23602
Topical term or geographic name as entry element Mathematical statistics.
9 (RLIN) 23603
856 42 - ELECTRONIC LOCATION AND ACCESS
Materials specified Publisher description
Uniform Resource Identifier <a href="http://www.loc.gov/catdir/enhancements/fy0812/96010784-d.html">http://www.loc.gov/catdir/enhancements/fy0812/96010784-d.html</a>
Materials specified Table of contents only
Uniform Resource Identifier <a href="http://www.loc.gov/catdir/enhancements/fy0812/96010784-t.html">http://www.loc.gov/catdir/enhancements/fy0812/96010784-t.html</a>
942 ## - ADDED ENTRY ELEMENTS (KOHA)
Source of classification or shelving scheme Dewey Decimal Classification
Koha item type Books
Holdings
Lost status Source of classification or shelving scheme Damaged status Not for loan Permanent Location Current Location Shelving location Date acquired Source of acquisition Cost, normal purchase price Total Checkouts Full call number Date last seen Copy number Koha item type Collection code
  Dewey Decimal Classification     Central Library, University of Rajshahi Central Library, University of Rajshahi   30/06/1997 Ahasnia Mission Dhaka 78.00   519.542 TAT 1996 15/01/2014 C-4 Books  
  Dewey Decimal Classification     Central Library, University of Rajshahi Central Library, University of Rajshahi   30/06/1997 Ahsaniia mission house, Dhaka 78.00   519.542 TAT 1996 31/08/2016 C-3 Books Non-fiction
  Dewey Decimal Classification     Central Library, University of Rajshahi Central Library, University of Rajshahi   30/06/1997 Ahsania mission, Dhaka. 78.00   519.542 TAT 1996 03/10/2016 C-2 Books Non-fiction
  Dewey Decimal Classification   Not For Loan Central Library, University of Rajshahi Central Library, University of Rajshahi Reading Room 08/10/1996 Syntex 70.00   519.542 TAT 1996 16/04/2017 C-1 Books Non-fiction